Mercados de capitales emergentes y globalización la experiencia de América Latina / (Registro nro. 11946)
[ vista simple ]
| 000 -LEADER | |
|---|---|
| fixed length control field | 01877nam a2200289Ia 4500 |
| 003 - CONTROL NUMBER IDENTIFIER | |
| control field | OSt |
| 005 - DATE AND TIME OF LATEST TRANSACTION | |
| control field | 20210719131621.0 |
| 008 - FIXED-LENGTH DATA ELEMENTS--GENERAL INFORMATION | |
| fixed length control field | 210310s2008 us a gr 00010 spa d |
| 020 ## - INTERNATIONAL STANDARD BOOK NUMBER | |
| International Standard Book Number | 9789588307206 |
| 040 ## - CATALOGING SOURCE | |
| Original cataloging agency | CO-JMCR |
| Transcribing agency | CO-JMCR |
| 041 1# - LANGUAGE CODE | |
| Language code of text/sound track or separate title | spa |
| Language code of original | eng |
| 082 04 - DEWEY DECIMAL CLASSIFICATION NUMBER | |
| Classification number | 332.0415098 |
| Item number | T689m |
| Edition number | 23 |
| 100 1# - MAIN ENTRY--PERSONAL NAME | |
| Personal name | De la Torre, Augusto, |
| Relator term | autor |
| 9 (RLIN) | 26878 |
| 245 10 - TITLE STATEMENT | |
| Title | Mercados de capitales emergentes y globalización la experiencia de América Latina / |
| Statement of responsibility, etc. | Augusto de la Torre, Sergio L. Schmukler ; traducción ala castellano, Gladys Arango |
| 250 ## - EDITION STATEMENT | |
| Edition statement | Primera edición |
| 260 ## - PUBLICATION, DISTRIBUTION, ETC. | |
| Place of publication, distribution, etc. | Washington DC. : |
| Name of publisher, distributor, etc. | Banco Mundial, |
| Date of publication, distribution, etc. | 2008. |
| 300 ## - PHYSICAL DESCRIPTION | |
| Extent | xviii, 260 páginas : |
| Other physical details | ilustraciones y gráficas en blanco y negro ; |
| Dimensions | 23 cm. |
| 500 ## - GENERAL NOTE | |
| General note | Incluye índices. |
| 505 0# - FORMATTED CONTENTS NOTE | |
| Formatted contents note | ¿Qué futuro tendrá el desarrollo del mercado de capitales?. -- Desarrollos en los mercados de capitales. -- Factores detrás del desarrollo y de la internacionalización de los mercados de capitales. -- Futuro probable de la agenda de reformas. -- |
| 520 0# - SUMMARY, ETC. | |
| Summary, etc. | A principios de la década de 1990, economistas y diseñadores de políticas tuvieron grandes expectativas acerca de las perspectivas para el desarrollo doméstico del mercado de capitales en economías emergentes. Infortunadamente, ahora están enfrentados a resultados desalentadores. Muchos mercados de bonos y de acciones permanecen ilíquidos y segmenta dos. La deuda tiende a estar concentrada en el extremo de corto plazo del espectro de vencimientos y denominada en moneda extranjera, exponiendo a los países a riesgos de vencimiento y de moneda. |
| 650 14 - SUBJECT ADDED ENTRY--TOPICAL TERM | |
| Topical term or geographic name entry element | Globalización |
| Geographic subdivision | América Latina. |
| 9 (RLIN) | 26880 |
| 650 24 - SUBJECT ADDED ENTRY--TOPICAL TERM | |
| Topical term or geographic name entry element | Inversiones |
| Geographic subdivision | América Latina. |
| 9 (RLIN) | 38553 |
| 650 24 - SUBJECT ADDED ENTRY--TOPICAL TERM | |
| Topical term or geographic name entry element | Mercados de capitales |
| Geographic subdivision | América Latina. |
| 9 (RLIN) | 38554 |
| 700 1# - ADDED ENTRY--PERSONAL NAME | |
| Personal name | Schmukler, Sergio L., |
| Relator term | autor |
| 9 (RLIN) | 38555 |
| 700 1# - ADDED ENTRY--PERSONAL NAME | |
| Personal name | Arango, Gladys, |
| Relator term | traductora |
| 9 (RLIN) | 38556 |
| 942 ## - ADDED ENTRY ELEMENTS (KOHA) | |
| Source of classification or shelving scheme | Dewey Decimal Classification |
| Koha item type | Books |
| Withdrawn status | Lost status | Source of classification or shelving scheme | Damaged status | Not for loan | Home library | Current library | Shelving location | Date acquired | Source of acquisition | Full call number | Barcode | Date last seen | Copy number | Price effective from | Koha item type |
|---|---|---|---|---|---|---|---|---|---|---|---|---|---|---|---|
| Dewey Decimal Classification | Biblioteca Pública José María del Castillo y Rada | Biblioteca Pública José María del Castillo y Rada | General Stacks | 04/15/2018 | Donación | 332.0415098 / T689m | 430003100 | 05/16/2024 | Ej.1 | 03/10/2021 | Books |